| 000 -LEADER |
| fixed length control field |
01612nam a2200397 i 4500 |
| 001 - CONTROL NUMBER |
| control field |
on1018073325 |
| 003 - CONTROL NUMBER IDENTIFIER |
| control field |
OCoLC |
| 005 - DATE AND TIME OF LATEST TRANSACTION |
| control field |
20250828154306.0 |
| 008 - FIXED-LENGTH DATA ELEMENTS--GENERAL INFORMATION |
| fixed length control field |
181001s2018 nyua j 6 000 1 eng d |
| 020 ## - INTERNATIONAL STANDARD BOOK NUMBER |
| International Standard Book Number |
9781338888287 |
| 040 ## - CATALOGING SOURCE |
| Original cataloging agency |
YDX |
| Language of cataloging |
eng |
| Description conventions |
rda |
| Transcribing agency |
YDX |
| Modifying agency |
WIM |
| -- |
OCLCO |
| -- |
OCLCQ |
| -- |
OCLCF |
| -- |
OQX |
| -- |
UAP |
| -- |
CaOL |
| -- |
KH8 |
| 082 ## - DEWEY DECIMAL CLASSIFICATION NUMBER |
| Classification number |
FIC GAL |
| 100 1# - MAIN ENTRY--PERSONAL NAME |
| Personal name |
Galligan, Gale, |
| Relator term |
author, |
| -- |
artist. |
| 245 10 - TITLE STATEMENT |
| Title |
The baby-sitters club: |
| Remainder of title |
Kristy's big day / |
| Statement of responsibility, etc. |
a graphic novel by Gale Galligan ; with color by Braden Lamb. |
| 264 #1 - PRODUCTION, PUBLICATION, DISTRIBUTION, MANUFACTURE, AND COPYRIGHT NOTICE |
| Place of production, publication, distribution, manufacture |
New York : |
| Name of producer, publisher, distributor, manufacturer |
Graphix, an imprint of Scholastic, |
| Date of production, publication, distribution, manufacture, or copyright notice |
2023. |
| 300 ## - PHYSICAL DESCRIPTION |
| Extent |
148 pages : |
| Other physical details |
colour illustrations ; |
| Dimensions |
21 cm. |
| 336 ## - CONTENT TYPE |
| Content type term |
text |
| Content type code |
txt |
| Source |
rdacontent. |
| 336 ## - CONTENT TYPE |
| Content type term |
still image |
| Content type code |
sti |
| Source |
rdacontent. |
| 337 ## - MEDIA TYPE |
| Media type term |
unmediated |
| Media type code |
n |
| Source |
rdamedia. |
| 338 ## - CARRIER TYPE |
| Carrier type term |
volume |
| Carrier type code |
nc |
| Source |
rdacarrier. |
| 490 1# - SERIES STATEMENT |
| Series statement |
Baby-sitters Club (Graphix (Firm)) ; |
| Volume/sequential designation |
6. |
| 500 ## - GENERAL NOTE |
| General note |
Based on the novel by Ann M. Martin. |
| 500 ## - GENERAL NOTE |
| General note |
At head of title: Baby-sitters club. |
| 520 ## - SUMMARY, ETC. |
| Summary, etc. |
Kristy's mom is getting married, and Kristy is going to be a bridesmaid! The only problem? Fourteen kids are coming to town for the wedding! |
| 650 #0 - SUBJECT ADDED ENTRY--TOPICAL TERM |
| Topical term or geographic name entry element |
Babysitters Club (Imaginary organization) |
| Form subdivision |
Juvenile fiction. |
| 650 #0 - SUBJECT ADDED ENTRY--TOPICAL TERM |
| Topical term or geographic name entry element |
Babysitters |
| Form subdivision |
Juvenile fiction. |
| 650 #0 - SUBJECT ADDED ENTRY--TOPICAL TERM |
| Topical term or geographic name entry element |
Clubs |
| Form subdivision |
Juvenile fiction. |
| 650 #0 - SUBJECT ADDED ENTRY--TOPICAL TERM |
| Topical term or geographic name entry element |
Girls |
| Form subdivision |
Juvenile fiction. |
| 650 #0 - SUBJECT ADDED ENTRY--TOPICAL TERM |
| Topical term or geographic name entry element |
Weddings |
| Form subdivision |
Juvenile fiction. |
| 650 #7 - SUBJECT ADDED ENTRY--TOPICAL TERM |
| Topical term or geographic name entry element |
Comics (Graphic works) |
| Source of heading or term |
genre. |
| 650 #7 - SUBJECT ADDED ENTRY--TOPICAL TERM |
| Topical term or geographic name entry element |
Graphic novels. |
| Source of heading or term |
genre. |
| 700 1# - ADDED ENTRY--PERSONAL NAME |
| Personal name |
Martin, Ann M., |
| Dates associated with a name |
1955- |
| Relator term |
creator. |
| 700 1# - ADDED ENTRY--PERSONAL NAME |
| Personal name |
Lamb, Braden, |
| Relator term |
colourist. |
| 830 #0 - SERIES ADDED ENTRY--UNIFORM TITLE |
| Uniform title |
Baby-sitters Club (Graphix (Firm)) ; |
| Volume/sequential designation |
6. |
| 942 ## - ADDED ENTRY ELEMENTS (KOHA) |
| Source of classification or shelving scheme |
|
| Koha item type |
Graphic Novel |